000 01426cam a2200337 a 4500
001 000006950
003 DO-SdBNP
005 20260305073955.0
008 000818s1999 ve ac b 001 0 spa d
020 _a9800763376
040 _aDO-SdBNP
_bspa
_cBNPHU
082 _a923.187
_bB689
245 0 0 _aBolivar en la memoria de su pueblo :
_bliteratura, música, arte popular /
_cMaria Teresa Novo ... [et al.] ; prólogo Artajerjes Muñoz.
260 _aCaracas :
_bFundación Tradiciones Caraqueñas,
_c1999.
300 _a184 p. :
_bil., retrs. ;
_c28 cm. +
_ediscos de sonido (digital; 4 3 / 4 pulg.)
500 _aEl disco 1 tiene título: América le canta una Bolívar. Disco 2 tiene título: Venezuela en cantos Bolivianos.
504 _aIncluye discografía (p. 182-184) y referencias bibliográficas.
600 1 0 _aBolivar, Simon,
_d1783-1830
_vPortraits.
_919290
600 1 0 _aBolívar, Simón,
_d1783-1830
_9253
650 4 _aPresindentes venezolanos
_xBiografías
_919291
650 4 _aCultura popular
_zAmérica Latina
_919292
650 0 _aFolclore
_zAmérica Latina
_933448
650 4 _aArtes
_zAmérica Latina
_919294
700 1 _aNovo, María Teresa,
_d1948-
_919295
700 1 _aRodríguez B. Isabel
_919296
700 1 _aSalazar, Rafael
_919297
700 1 _aDíaz, Mariano
_919298
700 1 _aMuñoz, Artajerjes
_epról.
_919299
710 2 _aFundacion Tradiciones Caraquenas.
_919300
942 _2ddc
_cLBS1
999 _c6734
_d6734